NFL Teams That Have Won the Most Super Bowls - Statistics

General Stats
  • This quiz has been taken 21,171 times
    21,057 since last reset
  • The average score is 5 of 7
Answer Stats
Wins Losses Team % Correct
6 6 New England Patriots
97%
6 2 Pittsburgh Steelers
74%
5 3 Dallas Cowboys
67%
5 3 San Francisco 49ers
66%
4 3 Kansas City Chiefs
65%
4 1 Green Bay Packers
63%
4 1 New York Giants
49%
No matching quizzes found
Score Distribution
Percent of People with Each Score
Percentile by Number Answered
Your Score History
You have not taken this quiz since the last reset